Welcome to the Holygrace Academy Library

Please use search bar below to get started

FRANKLY FRANK (Record no. 5772)

MARC details
000 -LEADER
fixed length control field 00348nam a22001457a 4500
020 ## - INTERNATIONAL STANDARD BOOK NUMBER
ISBN 0-439-97343-0
082 ## - DEWEY DECIMAL CLASSIFICATION NUMBER
Classification number 823
Item number BUR/F
100 ## - MAIN ENTRY--AUTHOR NAME
Personal name BURNARD, JAMON
245 ## - TITLE STATEMENT
Title FRANKLY FRANK
Remainder of title AND THE UNI DENTIFIED FLYING BLOB
260 ## - PUBLICATION, DISTRIBUTION, ETC. (IMPRINT)
Place of publication NEW DELHI
Name of publisher SCHOLASTIC LTD
Year of publication 2004
300 ## - PHYSICAL DESCRIPTION
Number of Pages 94
520 ## - SUMMARY, ETC.
Summary, etc SHORT STORY
650 ## - SUBJECT ADDED ENTRY--TOPICAL TERM
Topical Term SHORT STORY
942 ## - ADDED ENTRY ELEMENTS (KOHA)
Koha item type Books
Holdings
Withdrawn status Lost status Collection code Home library Current library Shelving location Date acquired Source of acquisition Full call number Accession Number Koha item type
    Fiction Main Library Main Library SHELF 15-I-CHILDREN'S STORYBOOKS 29/01/2019 Purchase 823 BUR/F 10812 Books